Top 10 most popular monarchies in Europe in 2026 - Statistics

General Stats
  • This quiz has been taken 10 times
  • The average score is 3 of 10
Answer Stats
Question Answer % Correct
On the first place of popularity comes... Denmark
71%
The tenth most popular monarchy is... Liechtenstein
57%
The third most popular monarchy is... Sweden
43%
The second most popular monarchy is... Norway
29%
The sixth most popular monarchy is... Belgium
14%
The fourth most popular monarchy is... Luxembourg
14%
The ninth most popular monarchy is... Monaco
14%
The fifth most popular monarchy is... Netherlands
14%
The seventh most popular monarchy is... Spain
14%
The eighth most popular monarchy is... United Kingdom
14%
No matching quizzes found
Score Distribution
Percent of People with Each Score
Percentile by Number Answered
Your Score History
You have not taken this quiz